| 000 | 00451nam a2200133 4500 | ||
|---|---|---|---|
| 008 | 01974 1982 0ae 000 0MEX | ||
| 020 | _a968-451-282-1 | ||
| 082 | _a604.201 516 D395d | ||
| 100 | _aDieguez Gonz lez, Agustín | ||
| 245 | _aDibujo Geométrico y Normalización / Agustín Dieguez Gonz lez | ||
| 260 | _aMéxico : Mc Graw-Hill | ||
| 300 | _a174p. / 27cm. | ||
| 650 | _a1. DIBUJO GEOMÉTRICO \ 2. NOCIONES BÁSICAS DE NORMALIZACIÓN | ||
| 999 |
_c21723 _d21723 |
||